South Eastern Kenya University

Library Online Public Access Catalogue


Applied calculus / (Record no. 13467)

MARC details
000 -LEADER
fixed length control field 01090pam a2200289 a 4500
001 - CONTROL NUMBER
control field 1199646
003 - CONTROL NUMBER IDENTIFIER
control field OSt
005 - DATE AND TIME OF LATEST TRANSACTION
control field 20160509110033.0
008 - FIXED-LENGTH DATA ELEMENTS--GENERAL INFORMATION
fixed length control field 980910s1999 nyua 001 0 eng
010 ## - LIBRARY OF CONGRESS CONTROL NUMBER
LC control number 98037635
020 ## - INTERNATIONAL STANDARD BOOK NUMBER
International Standard Book Number 0471108766 (alk. paper)
040 ## - CATALOGING SOURCE
Original cataloging agency DLC
Transcribing agency DLC
Modifying agency DLC
050 00 - LIBRARY OF CONGRESS CALL NUMBER
Classification number QA303
Item number .A62 1999
082 00 - DEWEY DECIMAL CLASSIFICATION NUMBER
Classification number 515
Edition number 21
245 00 - TITLE STATEMENT
Title Applied calculus /
Statement of responsibility, etc. Deborah Hughes-Hallett ... [et al.], with the assistance of Otto K. Brescher, Eric Connally, Richard D. Porter.
250 ## - EDITION STATEMENT
Edition statement 1st ed.
260 ## - PUBLICATION, DISTRIBUTION, ETC. (IMPRINT)
Place of publication, distribution, etc. New York :
Name of publisher, distributor, etc. Wiley,
Date of publication, distribution, etc. c1999.
300 ## - PHYSICAL DESCRIPTION
Extent xvii, 483 p. :
Other physical details ill. (some col.) ;
Dimensions 27 cm.
500 ## - GENERAL NOTE
General note Includes index.
650 #0 - SUBJECT ADDED ENTRY--TOPICAL TERM
Topical term or geographic name as entry element Calculus.
700 2# - ADDED ENTRY--PERSONAL NAME
Personal name Hughes-Hallett, Deborah.
856 4# - ELECTRONIC LOCATION AND ACCESS
Materials specified Table of Contents
Uniform Resource Identifier <a href="http://www.loc.gov/catdir/toc/onix01/98037635.html">http://www.loc.gov/catdir/toc/onix01/98037635.html</a>
856 42 - ELECTRONIC LOCATION AND ACCESS
Materials specified Publisher description
Uniform Resource Identifier <a href="http://www.loc.gov/catdir/enhancements/fy0706/98037635-d.html">http://www.loc.gov/catdir/enhancements/fy0706/98037635-d.html</a>
906 ## - LOCAL DATA ELEMENT F, LDF (RLIN)
a 7
b cbc
c orignew
d 1
e ocip
f 19
g y-gencatlg
942 ## - ADDED ENTRY ELEMENTS (KOHA)
Source of classification or shelving scheme Library of Congress Classification
Koha item type General circulation
Holdings
Withdrawn status Lost status Source of classification or shelving scheme Damaged status Not for loan Home library Current library Shelving location Date acquired Source of acquisition Total Checkouts Full call number Barcode Date last seen Price effective from Koha item type Public note
    Library of Congress Classification     Wote Campus Library Wote Campus Library General Stacks 30/05/2016 donation- books for Africa   QA303 .A62 1999 2016/011823 30/05/2016 30/05/2016 General circulation GM
Kitui, Kenya.
+254736116989
library@seku.ac.ke